书目信息 |
| 题名: |
做合格的共产党员
|
|
| 作者: | ;中共中央书记处研究室政治组 编 | |
| 分册: | 第四集 | |
| 出版信息: | 北京 中共中央党校出版社 1984 |
|
| 页数: | 229页 | |
| 开本: | 19cm | |
| 丛书名: | ||
| 单 册: | ||
| 中图分类: | D263 , D263.1 | |
| 科图分类: | ||
| 主题词: | 模范共产党员--生平事迹 , 中国共产党 | |
| 电子资源: | ||
| ISBN: | ||
| 000 | 00832nam0 2200265 45 | |
| 001 | 0184016930 | |
| 005 | 20040424082641.2 | |
| 010 | @dCNY0.96 | |
| 091 | @a3230.186 | |
| 100 | @a19951009d1984 em y0chiy0121 ea | |
| 101 | 0 | @achi |
| 102 | @aCN@b110000 | |
| 105 | @af z 000yy | |
| 106 | @ar | |
| 200 | 10 | @a做合格的共产党员@Azuo he ge de gong chan dang yuan@h第四集@f中共中央书记处研究室政治组《做合格的共产党员》编写组编 |
| 210 | @a北京@c中共中央党校出版社@d1984 | |
| 215 | @a229页@c照片@d19cm | |
| 606 | @a模范共产党员@x生平事迹 | |
| 606 | 0 | @a中国共产党 |
| 690 | @aD263@v3 | |
| 690 | @aD263.1 | |
| 711 | 02 | @a中共中央书记处研究室政治组@Azhong gong zhong yang shu ji chu yan jiu shi zheng zhi zu@4编 |
| 801 | 0 | @aCN@b深圳图书馆@c20040424 |
| 801 | 2 | @aCN@bNLC@c20040424 |
| 905 | @f1@b139146@f1@b139148@dD263.1@e24:4 | |
| 做合格的共产党员.第四集/中共中央书记处研究室政治组《做合格的共产党员》编写组编.-北京:中共中央党校出版社,1984 |
| 229页:照片;19cm |
| ISBN :CNY0.96 |
| ● |
| 相关链接 |
|
|
|
|
正题名:做合格的共产党员
索取号:D263.1/24:4
 
预约/预借
| 序号 | 登录号 | 条形码 | 馆藏地/架位号 | 状态 | 备注 |
| 1 | 0139146 | 000380377 | 密集书库/ [索取号:D263.1/24:4] | 在馆 | |
| 2 | 0139148 | 000380386 | 第一样本阅览室/ [索取号:D263.1/24:4] | 在馆 |